Old Testament friends (Record no. 17462)

000 -LEADER
fixed length control field 00579nam a2200193 a 4500
001 - CONTROL NUMBER
control field :::00021416$&:&@@
003 - CONTROL NUMBER IDENTIFIER
control field OkBaRHE
005 - DATE AND TIME OF LATEST TRANSACTION
control field 20090408144210.0
008 - FIXED-LENGTH DATA ELEMENTS--GENERAL INFORMATION
fixed length control field s2005 j 000 0 eng u
040 ## - CATALOGING SOURCE
Transcribing agency
100 1# - MAIN ENTRY--PERSONAL NAME
Personal name Westervelt, John C.
245 10 - TITLE STATEMENT
Title Old Testament friends
260 ## - PUBLICATION, DISTRIBUTION, ETC. (IMPRINT)
Place of publication, distribution, etc Tulsa,OK
Name of publisher, distributor, etc Distibuted by Asbury Methodist Church
Date of publication, distribution, etc c2005
300 ## - PHYSICAL DESCRIPTION
Extent 136 p
650 ## - SUBJECT ADDED ENTRY--TOPICAL TERM
Topical term or geographic name as entry element Childrens Stories-Bible Stories
650 ## - SUBJECT ADDED ENTRY--TOPICAL TERM
Topical term or geographic name as entry element Old Testament
942 ## - ADDED ENTRY ELEMENTS (KOHA)
Source of classification or shelving scheme
Koha item type Books
Copies
Date acquired Permanent Location Withdrawn status Date last seen Shelving location Source of classification or shelving scheme Koha item type Lost status Copy number Damaged status Price effective from Barcode Not for loan Full call number
2010-04-14RHEMA Bible Training College 2018-02-20General Stacks Books 1 2010-04-1421416 BS 551.2 .W4